000 00660cam a2200241 4500500
005 20260405001418.0
041 _afre
042 _adc
100 1 0 _aGroulez, Raphaël
_eauthor
245 0 0 _aMatière à penser / Février 2013
260 _c2013.
500 _a70
690 _aBrevet
690 _aDémographie
690 _ainnovation
690 _aIsraël
690 _aJustice
690 _aMali
690 _aPalestine
690 _aRobot
786 0 _nPhilosophie magazine | 66 | 2 | 2013-02-01 | p. 16-16 | 1951-1787
856 4 1 _uhttps://shs.cairn.info/magazine-philosophie-magazine-2013-2-page-16?lang=fr&redirect-ssocas=7080
999 _c2047375
_d2047375